000 00330nam a2200133 i 4500
001 bg
100 1 _aSTRZEMIŃSKA, H.
245 0 _aCzas pracy i czas wolny w polityce społecznej /
_cH.Strzemińska.
260 _aWarszawa,
_c1988.
040 _cBPK
041 _apol
942 _cKS
008 s pl f |000 0 pol
999 _c28532
_d28532
856 _uhttp://koha.tu.koszalin.pl/cgi-bin/koha/opac-detail.pl?biblionumber=28532
_yKatalog online BPK